Nostalgias /

Guardado en:
Autor Principal: Casalini, Lituarde
Formato: Libro
Publicado: Bahía Blanca : Ediciones Bahía Blanca, 1993
Materias:
Etiquetas: Agregar Etiqueta
Sin Etiquetas, Sea el primero en etiquetar este registro!
LEADER 00586nam a22002055a 4500
001 CEM.cems007322
005 20110506211154.0
008 130507s1993##################000#0#####d
003 CEMS
082 0 4 |a A861.4 
100 1 |a Casalini, Lituarde 
245 1 0 |a Nostalgias /  |c Lituarde Casalini 
260 |a Bahía Blanca :  |b Ediciones Bahía Blanca,  |c 1993 
300 |a 49 p. 
653 |a Literatura 
653 |a Poesías 
653 |a Poesía argentina-siglo 20 
653 |a Literatura argentina 
653 |a Autores bahienses 
859 |a CEMS  |b BIB. CEMS - 11 de abril  |h A861.4  |i C262  |p 17143.93  |t Ej.1